[Event "Gdansk op 14th"]
[Site "Gdansk"]
[Date "2012.07.28"]
[Round "8"]
[White "Zhuk, Ilya"]
[Black "Grajczak, Adrian"]
[Result "1/2-1/2"]
[WhiteElo "1904"]
[BlackElo "1999"]
[PlyCount "98"]
[EventDate "2012.07.22"]
[EventType "swiss"]
[EventRounds "9"]
[EventCountry "POL"]
[SourceTitle "CBM 149 Extra"]
[Source "ChessBase"]
[SourceDate "2012.08.24"]
[SourceVersion "1"]
[SourceVersionDate "2012.08.24"]
[SourceQuality "1"]

1. e4 d6 2. d4 Nf6 3. Nc3 e5 4. dxe5 dxe5 5. Qxd8+ Kxd8 6. Bg5 Be6 7. 0-0-0+ Nbd7 8. Nf3 Kc8 9. Bb5 c6 10. Ba4 Bc5 11. Bh4 Ng4 12. Rd2 Bb4 13. Bb3 Bxb3 14. axb3 f6 15. h3 Nh6 16. g4 g5 17. Bg3 Nc5 18. Re2 Ne6 19. Nd1 Nf4 20. Bxf4 gxf4 21. c3 Bc5 22. b4 Bb6 23. b3 a5 24. Ra2 Kd7 25. bxa5 Bxa5 26. Re1 Nf7 27. Ree2 Bb6 28. Kb1 Rxa2 29. Kxa2 h5 30. gxh5 Rxh5 31. h4 Ke6 32. b4 f5 33. exf5+ Kxf5 34. Nb2 Kg4 35. Nd2 Bd8 36. Nbc4 Bxh4 37. f3+ Kf5 38. Ne4 Be7 39. Na5 Nd8 40. Nf2 Rh2 41. Kb3 Rg2 42. Nc4 Nf7 43. Rc2 Rg3 44. Nd2 Ng5 45. Nde4 Nxe4 46. fxe4+ Ke6 47. Rc1 Re3 48. Rh1 b5 49. Rh6+ Bf6 1/2-1/2

[Event "Gdansk op 14th"]
[Site "Gdansk"]
[Date "2012.07.25"]
[Round "5"]
[White "Bobryk, Konrad"]
[Black "Zhuk, Ilya"]
[Result "1-0"]
[WhiteElo "1558"]
[BlackElo "1904"]
[PlyCount "61"]
[EventDate "2012.07.22"]
[EventType "swiss"]
[EventRounds "9"]
[EventCountry "POL"]
[SourceTitle "CBM 149 Extra"]
[Source "ChessBase"]
[SourceDate "2012.08.24"]
[SourceVersion "1"]
[SourceVersionDate "2012.08.24"]
[SourceQuality "1"]

1. d4 Nf6 2. c4 c5 3. Nf3 cxd4 4. Nxd4 g6 5. g3 Bg7 6. Bg2 0-0 7. Nc3 Nc6 8. Nc2 d6 9. 0-0 Rb8 10. b3 Bf5 11. e4 Nxe4 12. Nxe4 Bxa1 13. Nxa1 Qa5 14. Bh6 Rfe8 15. Nc2 Qxa2 16. Ne3 Be6 17. Ng5 Bd7 18. Nd5 Qa5 19. Re1 Ne5 20. f4 Qc5+ 21. Kh1 Ng4 22. Ne4 Qa5 23. Bg5 f5 24. h3 fxe4 25. hxg4 Bxg4 26. Qb1 Kf7 27. Rxe4 Bf5 28. Nxe7 Bxe4 29. Qxe4 Qc7 30. Qd5+ Kf8 31. Qg8# 1-0

[Event "Rewal op-B 16th"]
[Site "Rewal"]
[Date "2011.08.24"]
[Round "5"]
[White "Tomczak, Mikolaj"]
[Black "Zhuk, Ilya"]
[Result "1/2-1/2"]
[WhiteElo "1693"]
[BlackElo "1889"]
[PlyCount "87"]
[EventDate "2011.08.18"]
[EventType "swiss"]
[EventRounds "9"]
[EventCountry "POL"]
[SourceTitle "CBM 144 Extra"]
[Source "ChessBase"]
[SourceDate "2011.10.28"]
[SourceVersion "1"]
[SourceVersionDate "2011.10.28"]
[SourceQuality "1"]

1. e4 e6 2. d4 d5 3. Nd2 dxe4 4. Nxe4 Nf6 5. Nxf6+ gxf6 6. Bd3 c6 7. Nf3 b6 8. 0-0 Bb7 9. Bf4 Bd6 10. Bg3 Qe7 11. a4 a5 12. c4 Na6 13. Bh4 Nb4 14. Be4 0-0-0 15. Qe2 Bc7 16. Rfd1 Rdg8 17. Ne5 h5 18. Qf3 Rh6 19. Nxc6 Qd6 20. Ne7+ Qxe7 21. Bxb7+ Kb8 22. Be4 Rg4 23. Bg3 Bxg3 24. fxg3 f5 25. Bb1 h4 26. h3 Rgg6 27. Qf4+ Qc7 28. Qxc7+ Kxc7 29. g4 fxg4 30. Bxg6 Rxg6 31. Ra3 Kd6 32. Kf2 Rf6+ 33. Ke2 Rf4 34. hxg4 Rxg4 35. Kf2 Nc2 36. Rad3 Rf4+ 37. Ke2 Rg4 38. Kf3 f5 39. R3d2 Rg3+ 40. Kf2 Ne3 41. Rc1 f4 42. c5+ Kc6 43. cxb6+ Kxb6 44. Rg1 1/2-1/2

[Event "Rewal op-B 16th"]
[Site "Rewal"]
[Date "2011.08.23"]
[Round "4"]
[White "Zhuk, Ilya"]
[Black "Kowalski, Maciej"]
[Result "1-0"]
[WhiteElo "1889"]
[BlackElo "1720"]
[PlyCount "99"]
[EventDate "2011.08.18"]
[EventType "swiss"]
[EventRounds "9"]
[EventCountry "POL"]
[SourceTitle "CBM 144 Extra"]
[Source "ChessBase"]
[SourceDate "2011.10.28"]
[SourceVersion "1"]
[SourceVersionDate "2011.10.28"]
[SourceQuality "1"]

1. e4 c5 2. c3 d5 3. exd5 Qxd5 4. d4 Nf6 5. dxc5 Qxd1+ 6. Kxd1 e5 7. b4 Nc6 8. Bb5 Bg4+ 9. f3 0-0-0+ 10. Nd2 Bh5 11. Kc2 Bg6+ 12. Kb2 Be7 13. Ne2 e4 14. Bxc6 bxc6 15. Nd4 Kb7 16. fxe4 Nxe4 17. Nxe4 Bxe4 18. Re1 f5 19. Nxf5 Bxf5 20. Rxe7+ Ka8 21. Bf4 g5 22. Bd6 Bg6 23. Rf1 Rhf8 24. Rxf8 Rxf8 25. Rxa7+ Kxa7 26. Bxf8 g4 27. c4 Bd3 28. Kc3 Bf1 29. g3 Be2 30. a4 Bd1 31. a5 Be2 32. Be7 Kb7 33. Bd8 Bf1 34. Kd4 Be2 35. Bb6 Bf1 36. b5 cxb5 37. cxb5 Bxb5 38. Kd5 Bc6+ 39. Kd6 Bb5 40. Bc7 Ba4 41. c6+ Ka7 42. Bb6+ Kb8 43. a6 Bc2 44. a7+ Ka8 45. Ke7 Bf5 46. Kd8 h5 47. c7 Be6 48. c8Q+ Bxc8 49. Kxc8 h4 50. Kd7 1-0

[Event "Rewal op-B 16th"]
[Site "Rewal"]
[Date "2011.08.21"]
[Round "2"]
[White "Zhuk, Ilya"]
[Black "Krzysztofiak, Zdzislaw"]
[Result "1/2-1/2"]
[WhiteElo "1889"]
[BlackElo "1656"]
[PlyCount "62"]
[EventDate "2011.08.18"]
[EventType "swiss"]
[EventRounds "9"]
[EventCountry "POL"]
[SourceTitle "CBM 144 Extra"]
[Source "ChessBase"]
[SourceDate "2011.10.28"]
[SourceVersion "1"]
[SourceVersionDate "2011.10.28"]
[SourceQuality "1"]

1. e4 e5 2. Nf3 Nc6 3. Bc4 Bc5 4. 0-0 Nf6 5. Nc3 0-0 6. a3 d6 7. b4 Bb6 8. Qe2 Bg4 9. Qd3 Bxf3 10. Qxf3 Nd4 11. Qd3 a6 12. Ne2 c6 13. Nxd4 Bxd4 14. c3 Ba7 15. Qe2 Nxe4 16. Qxe4 d5 17. Bxd5 Qxd5 18. Qxd5 cxd5 19. b5 axb5 20. Rb1 Bc5 21. Rxb5 b6 22. d4 exd4 23. cxd4 Bxd4 24. Rxd5 Bc5 25. Rd3 Rfe8 26. Rfd1 h6 27. Kf1 Ra4 28. Be3 Bxe3 29. fxe3 Rea8 30. Rd8+ Kh7 31. Rxa8 Rxa8 1/2-1/2

[Event "Gdansk op 12th "]
[Site "Gdansk"]
[Date "2010.07.19"]
[Round "4"]
[White "Zhuk, Ilya"]
[Black "Kurzepa, Bartlomiej"]
[Result "1-0"]
[WhiteElo "1890"]
[BlackElo "1634"]
[PlyCount "73"]
[EventDate "2010.07.17"]
[EventType "swiss"]
[EventRounds "9"]
[EventCountry "POL"]
[SourceTitle "EXT 2011"]
[Source "ChessBase"]
[SourceDate "2010.11.26"]
[SourceVersion "1"]
[SourceVersionDate "2010.11.26"]
[SourceQuality "1"]

1. e4 b6 2. d4 Bb7 3. Bd3 e6 4. Be3 d5 5. e5 c5 6. c3 Nd7 7. f4 Ne7 8. g4 Nc6 9. Nf3 Be7 10. Nbd2 Qc7 11. Rc1 0-0-0 12. c4 dxc4 13. Bxc4 Kb8 14. Rg1 g6 15. Qe2 Ka8 16. a3 Qb8 17. Nb3 cxd4 18. Nfxd4 Nxd4 19. Bxd4 Bh4+ 20. Bf2 Bxf2+ 21. Kxf2 Rc8 22. Nd4 Rhd8 23. Nb5 Nc5 24. Nd6 Rxd6 25. exd6 Qxd6 26. Qe3 Ne4+ 27. Ke2 f5 28. Rgd1 Qe7 29. gxf5 exf5 30. Bb5 Rf8 31. Rd7 Qh4 32. Rcc7 Qxh2+ 33. Kd1 Nc5 34. Bc6 Rb8 35. Rxb7 Nxb7 36. Rxb7 Rxb7 37. Qe8# 1-0

[Event "Gdansk op 12th "]
[Site "Gdansk"]
[Date "2010.07.18"]
[Round "2"]
[White "Kempinski, Tomasz"]
[Black "Zhuk, Ilya"]
[Result "1-0"]
[WhiteElo "2262"]
[BlackElo "1890"]
[PlyCount "77"]
[EventDate "2010.07.17"]
[EventType "swiss"]
[EventRounds "9"]
[EventCountry "POL"]
[SourceTitle "EXT 2011"]
[Source "ChessBase"]
[SourceDate "2010.11.26"]
[SourceVersion "1"]
[SourceVersionDate "2010.11.26"]
[SourceQuality "1"]

1. e4 e6 2. d4 d5 3. exd5 exd5 4. Bd3 c5 5. dxc5 Bxc5 6. Nc3 Be6 7. Nf3 Ne7 8. 0-0 0-0 9. Qe2 Nbc6 10. Ng5 Bf5 11. Bxf5 Nxf5 12. Qd3 Ncd4 13. Nb5 Nxb5 14. Qxf5 g6 15. Qh3 h5 16. Qd3 Nc7 17. Bf4 Bd6 18. Be3 Be5 19. c3 Bf6 20. h4 Re8 21. Rad1 Qd7 22. Rd2 Qa4 23. Bd4 Bxd4 24. Qxd4 Qxa2 25. Nxf7 Qa6 26. Ng5 Re7 27. Rd3 Rae8 28. Re3 Qb6 29. Rxe7 Rxe7 30. Qf4 Kg7 31. Rd1 Qf6 32. Qd2 Qe5 33. g3 a6 34. Nh3 Nb5 35. Nf4 Rd7 36. Re1 Qf6 37. Qe3 d4 38. cxd4 Nxd4 39. Qe8 1-0

[Event "Chojnice op-B 6th"]
[Site "Chojnice"]
[Date "2010.07.12"]
[Round "4.4"]
[White "Zhuk, Ilya"]
[Black "Snihur, Piotr"]
[Result "1/2-1/2"]
[WhiteElo "1890"]
[BlackElo "1731"]
[PlyCount "34"]
[EventDate "2010.07.08"]
[EventType "swiss"]
[EventRounds "9"]
[EventCountry "POL"]
[SourceTitle "EXT 2023"]
[Source "ChessBase"]
[SourceDate "2022.10.05"]
[SourceVersion "1"]
[SourceVersionDate "2022.10.05"]
[SourceQuality "1"]

1. e4 c5 2. c3 Nf6 3. e5 Nd5 4. d4 cxd4 5. cxd4 d6 6. Bc4 Nb6 7. Bb5+ Bd7 8. Bxd7+ Qxd7 9. Nf3 d5 10. 0-0 e6 11. a3 Nc6 12. b4 Nc4 13. Nbd2 b5 14. Nb3 Be7 15. Bg5 0-0 16. Bxe7 Qxe7 17. Nc5 a6 1/2-1/2

[Event "Chojnice op-B"]
[Site "Chojnice"]
[Date "2009.07.17"]
[Round "9"]
[White "Grajczak, Adrian"]
[Black "Zhuk, Ilya"]
[Result "1/2-1/2"]
[WhiteElo "1985"]
[BlackElo "1846"]
[PlyCount "34"]
[EventDate "2009.07.11"]
[EventType "swiss"]
[EventRounds "9"]
[EventCountry "POL"]
[SourceTitle "EXT 2011"]
[Source "ChessBase"]
[SourceDate "2010.11.26"]
[SourceVersion "1"]
[SourceVersionDate "2010.11.26"]
[SourceQuality "1"]

1. c4 e6 2. g3 Nf6 3. Bg2 d5 4. cxd5 exd5 5. d4 c6 6. Nf3 Bf5 7. 0-0 Bd6 8. Nc3 0-0 9. a3 Nbd7 10. b4 Ne4 11. Bb2 Ndf6 12. Nd2 Re8 13. f3 Nxc3 14. Bxc3 Re3 15. Rc1 Qc7 16. Re1 Rae8 17. Kf1 R3e7 1/2-1/2